The Brooklyn Brawler's career opponents - Statistics

General Stats
  • This quiz has been taken 280 times
    9 since last reset
  • The average score is 107 of 171
Answer Stats
Answer % Correct
Aldo Montoya
100%
Bad News Brown
100%
Bam Bam Bigelow
100%
Bart Gunn
100%
B. Brian Blair
100%
Big Bossman
100%
Big John Studd
100%
Billy Gunn
100%
Bob Holly
100%
Bret "Hit Man" Hart
100%
Brutus Beefcake
100%
"Cowboy" Bob Orton
100%
Crash Holly
100%
Crush
100%
Dan Spivey
100%
Davey Boy Smith
100%
Doink the Clown
100%
Don Muraco
100%
Dustin Rhodes
100%
Dusty Rhodes
100%
Greg "The Hammer" Valentine
100%
"Hacksaw" Jim Duggan
100%
Hillbilly Jim
100%
Jerry "The King" Lawler
100%
Jim Brunzell
100%
Jim Neidhart
100%
Jim Powers
100%
Kamala
100%
Koko B. Ware
100%
Kurt Angle
100%
Lex Luger
100%
"Macho Man" Randy Savage
100%
Marty Jannetty
100%
Mr. Fuji
100%
"Mr. Wonderful" Paul Orndorff
100%
Nikolai Volkoff
100%
Owen Hart
100%
Paul Roma
100%
Raymond Rougeau
100%
Razor Ramon
100%
"Rowdy" Roddy Piper
100%
Sam Houston
100%
Savio Vega
100%
S.D. Jones
100%
Shawn Michaels
100%
Sid
100%
Tazz
100%
The Godfather
100%
The Iron Sheik
100%
The Rock
100%
The Undertaker
100%
Tito Santana
100%
Tony Atlas
100%
Tony Garea
100%
Virgil
100%
X-Pac
100%
Adam Bomb
67%
Ahmed Johnson
67%
Al Snow
67%
Big Bully Busick
67%
Billy Jack Haynes
67%
Blackjack Mulligan
67%
Bob Backlund
67%
Bobby "The Brain" Heenan
67%
Christian
67%
Chris Walker
67%
Cpl. Kirchner
67%
David Sammartino
67%
Dick Slater
67%
Diesel
67%
Duke "The Dumpster" Droese
67%
Earthquake
67%
Eddie Gilbert
67%
Fatu
67%
George "The Animal" Steele
67%
George Wells
67%
Heath Slater
67%
Henry O. Godwinn
67%
"Iron" Mike Sharpe
67%
Ivan Koloff
67%
Ivan Putski
67%
Jake "The Snake" Roberts
67%
Jesse "The Body" Ventura
67%
Johnny Rodz
67%
Junkyard Dog
67%
Ken Patera
67%
Lanny Poffo
67%
Marc Mero
67%
Max Moon
67%
Mike Rotundo
67%
Moondog Rex
67%
Moondog Spot
67%
Mr. Perfect
67%
Outback Jack
67%
Pat Patterson
67%
Pedro Morales
67%
Rene Goulet
67%
Ricky "The Dragon" Steamboat
67%
Rocky Johnson
67%
Salvatore Bellomo
67%
Scott Putski
67%
Sgt. Slaughter
67%
Shane Douglas
67%
Sho Funaki
67%
Skinner
67%
"Superfly" Jimmy Snuka
67%
"Superstar" Billy Graham
67%
Swede Hanson
67%
Tatanka
67%
The Honkytonk Man
67%
The Masked Superstar
67%
The Red Rooster
67%
The Ultimate Warrior
67%
Tiger Chung Lee
67%
Tim Horner
67%
Tugboat
67%
Adrian Adonis
33%
Al Perez
33%
Battle Cat
33%
Buddy Rose
33%
Bushwhacker Luke
33%
Buzz Sawyer
33%
Chuck Palumbo
33%
Cousin Junior
33%
Cousin Luke
33%
Dynamite Kid
33%
Ezekiel Jackson
33%
Flash Funk
33%
Genichiro Tenryu
33%
Hercules
33%
Jerry Valiant
33%
Jose Estrada
33%
Jose Luis Rivera
33%
Just Joe
33%
J.W. Storm
33%
Kato
33%
Kerry Von Erich
33%
K-Kwick
33%
"Mad Dog" Maurice Vachon
33%
Man Mountain Rock
33%
Mark Henry
33%
Paul "Butcher" Vachon
33%
Perry Saturn
33%
Ryback
33%
Tama
33%
Ted Arcidi
33%
The Big Show
33%
Tom Brandi
33%
Barry O
0%
Bastion Booger
0%
David Schultz
0%
Del Wilkes
0%
Gangrel
0%
Jesse Jammes
0%
Joey Abs
0%
Johnny Swinger
0%
Johnny V
0%
Julio Sanchez
0%
King Tonga
0%
Lance Cassidy
0%
Louie Spicolli
0%
Mideon
0%
Rhyno
0%
Rob Conway
0%
Ron Waterman
0%
"Rugged" Ronnie Garvin
0%
Sivi Afi
0%
Spike Dudley
0%
The Mountie
0%
The Tonga Kid
0%
Vito
0%
No matching quizzes found
Score Distribution
Percent of People with Each Score
Percentile by Number Answered
Your Score History
You have not taken this quiz since the last reset